000
00175nam a2200073Ia 4500
008
170617s9999 xx 000 0 und d
100
_a
Kuchekar-B.S/Khadatare
245
0
_a
Forensic Pharmacy
260
_b
Narosa
999
_c
14916
_d
14916